000 00459nam a2200181Ia 4500
001 9933
005 20260306161754.0
008 260306t2015||||xx |||||||||||||| ||spa||
041 _aESP
082 _a808.7
_bP43
100 _aPerceval, José María
_eAUT
245 0 _aEl humor y sus límites:
_b¿de qué se ha reído la humanidad?
260 _c2015
300 _a246 páginas :
_c20 cm.
650 _aGEN
654 _aCHU
942 _cLIB
_dJUS
_fJUS
_2ddc
_n
999 _c9933
_d9933